Basic concepts of neuronal function : (Record no. 10895)
[ view plain ]
| 000 -CABECERA | |
|---|---|
| campo de control de longitud fija | 00775cam a2200229 a 4500 |
| 001 - NÚMERO DE CONTROL | |
| campo de control | 000011170 |
| 005 - FECHA Y HORA DE LA ÚLTIMA TRANSACCIÓN | |
| campo de control | 20200929162358.0 |
| 008 - DATOS DE LONGITUD FIJA--INFORMACIÓN GENERAL | |
| campo de control de longitud fija | 841130s1984 maua bp 001 0 eng |
| 020 ## - NÚMERO INTERNACIONAL ESTÁNDAR DEL LIBRO | |
| Número Internacional Estándar del Libro | 0316463108 (pbk.) |
| 040 ## - FUENTE DE LA CATALOGACIÓN | |
| Centro catalogador/agencia de origen | DO-SdBNP |
| Lengua de catalogación | spa |
| Centro/agencia transcriptor | BNPHU |
| 050 10 - SIGNATURA TOPOGRÁFICA DE LA BIBLIOTECA DEL CONGRESO | |
| Número de clasificación | QP355.2 |
| Número de documento/Ítem | .J48 1984 |
| 082 ## - NÚMERO DE LA CLASIFICACIÓN DECIMAL DEWEY | |
| Número de clasificación | 612.8 |
| Número de documento/Ítem | J59b |
| 100 1# - ENTRADA PRINCIPAL--NOMBRE DE PERSONA | |
| Nombre de persona | Jewett, Don L., |
| Fechas asociadas al nombre | 1931- |
| 9 (RLIN) | 26681 |
| 245 10 - MENCIÓN DE TÍTULO | |
| Título | Basic concepts of neuronal function : |
| Resto del título | a multilevel, self-teaching textbook / |
| Mención de responsabilidad, etc. | Don L. Jewett, Martin D. Rayner. |
| 260 ## - PUBLICACIÓN, DISTRIBUCIÓN, ETC. | |
| Lugar de publicación, distribución, etc. | Boston, (Massachusetts) : |
| Nombre del editor, distribuidor, etc. | Little ; |
| -- | Brown, |
| Fecha de publicación, distribución, etc. | c1984. |
| 300 ## - DESCRIPCIÓN FÍSICA | |
| Extensión | x, 411 p. : |
| Otras características físicas | il. ; |
| Dimensiones | 28 cm. |
| 504 ## - NOTA DE BIBLIOGRAFÍA, ETC. | |
| Nota de bibliografía, etc. | Bibliografía: p. 395-397. |
| 500 ## - NOTA GENERAL | |
| Nota general | Incluye índice. |
| 650 #4 - PUNTO DE ACCESO ADICIONAL DE MATERIA--TÉRMINO DE MATERIA | |
| Término de materia o nombre geográfico como elemento de entrada | Neurofisiología |
| 9 (RLIN) | 20466 |
| 650 #4 - PUNTO DE ACCESO ADICIONAL DE MATERIA--TÉRMINO DE MATERIA | |
| Término de materia o nombre geográfico como elemento de entrada | Sistema nervioso |
| 9 (RLIN) | 26682 |
| 700 1# - PUNTO DE ACCESO ADICIONAL--NOMBRE DE PERSONA | |
| Nombre de persona | Rayner, Martin D. |
| 9 (RLIN) | 26683 |
| Estado de retiro | Estado de pérdida | Restricciones de uso | No para préstamo | Código de colección | Localización permanente | Ubicación/localización actual | Ubicación en estantería | Fecha de adquisición | Número de inventario | Total de préstamos | Signatura topográfica completa | Código de barras | Fecha visto por última vez | Precio válido a partir de | Tipo de ítem Koha | Número de copia |
|---|---|---|---|---|---|---|---|---|---|---|---|---|---|---|---|---|
| Excluido de préstamo | Monografías: Libros y Folletos | General | General | Depósito | 14.10.2009 | LF1 | 612.8 J59b | 11170-10 | 25.06.2020 | 25.06.2020 | No se presta | |||||
| Extraviado | Excluido de préstamo | Monografías: Libros y Folletos | General | General | Extraviado | 22.05.2017 | LF1 | 612.8 J59b | 11170-20 | 25.06.2020 | 25.06.2020 | No se presta | e. 2 |
